|
|
|
|
| LEADER |
00985nem a22002892a 4500 |
| 001 |
001406635 |
| 003 |
CZ BrMZK |
| 005 |
20140724133923.0 |
| 007 |
aj|c|||| |
| 008 |
140724s1970 xr |||| |a |r|||||cze d |
| 034 |
1 |
|
|a a
|b 1000000
|
| 040 |
|
|
|a BOA001
|b cze
|
| 080 |
|
|
|a (437)
|2 MRF
|
| 080 |
|
|
|a (084.3)656.1
|2 MRF
|
| 245 |
0 |
0 |
|a Automapa ČSSR
|h [kartografický dokument] :
|b se sítí servisních opraven
|
| 255 |
|
|
|a Měřítko 1:1 000 000
|
| 260 |
|
|
|a Praha :
|b Kartografické nakaldatelství,
|c 1970
|
| 300 |
|
|
|a 1 mapa :
|b barev. ;
|c 35 x 74 cm, na listu 40 x 79 cm
|
| 500 |
|
|
|a Na rubu text
|
| 500 |
|
|
|a Účelový náklad pro Pal Kbely
|
| 655 |
0 |
7 |
|a automapy
|7 fd131856
|2 czenas
|
| 651 |
|
7 |
|a Československo
|7 ge131689
|2 czenas
|
| 710 |
2 |
|
|a Kartografické nakladatelství (Praha, Česko)
|4 pbl
|
| 910 |
|
|
|a BOA001
|b Skř.9A-0653.615
|
| 990 |
|
|
|a MP
|
| 991 |
|
|
|b 201407
|
| 996 |
6 |
|
|b 2619016035
|c Skř.9A-0653.615
|l MZK
|r Sklad / do 24 hodin
|n 0
|w 001444917
|u 000010
|a 1
|e BOA001
|j MZK50
|s P
|